00464nam a2200193 a 4500001001300000003000900013005001700022008004100039020001000080082001300090100001400103245001600117260004800133300000800181500003500189505001400224650001800238700001400256nice12345678IN_TiNIC20260116011425.0050524s1930 laha grp 000 0 urd  ac10000a244bTRO aTrotter,  aBaad-Bagola aLahorebPunjab Religious Booksociety c1930 a16p aincludes index and biblioraphy2 areference aBible Stories1 aTrotter,